Design for aging review / (Record no. 8665)

MARC details
000 -LEADER
fixed length control field 00978nac a22002651u 4500
003 - CONTROL NUMBER IDENTIFIER
control field EG-ScBUE
005 - DATE AND TIME OF LATEST TRANSACTION
control field 20221207115642.0
008 - FIXED-LENGTH DATA ELEMENTS--GENERAL INFORMATION
fixed length control field 221207s2006 vraabe f 001 0 eng d
020 ## - INTERNATIONAL STANDARD BOOK NUMBER
International Standard Book Number 1864701870 :
020 ## - INTERNATIONAL STANDARD BOOK NUMBER
International Standard Book Number 9781864701876
040 ## - CATALOGING SOURCE
Original cataloging agency EG-ScBUE
Language of cataloging eng
Description conventions rda
Transcribing agency EG-ScBUE
Modifying agency EG-ScBUE
082 04 - DEWEY DECIMAL CLASSIFICATION NUMBER
Classification number 725.560222
Item number DES
Edition number 22
245 00 - TITLE STATEMENT
Title Design for aging review /
Statement of responsibility, etc The American Institute of Architects Design for Aging Center.
250 ## - EDITION STATEMENT
Edition statement Eight edition.
264 #1 - PUBLICATION, DISTRIBUTION, ETC. (IMPRINT)
Place of publication, distribution, etc Mulgrave, Victoria :
Name of publisher, distributor, etc Images Publishing Group,
Date of publication, distribution, etc 2006.
300 ## - PHYSICAL DESCRIPTION
Extent 159 pages :
Other physical details illustrations, maps, plans ;
Dimensions 31 cm
500 ## - GENERAL NOTE
General note Includes index.
650 #7 - SUBJECT ADDED ENTRY--TOPICAL TERM
Topical term or geographic name as entry element Older people
Geographic subdivision United States
General subdivision Dwellings.
Source of heading or term BUEsh
650 #7 - SUBJECT ADDED ENTRY--TOPICAL TERM
Topical term or geographic name as entry element Old age homes
Geographic subdivision United States
General subdivision Design and construction.
Source of heading or term BUEsh
650 #7 - SUBJECT ADDED ENTRY--TOPICAL TERM
Topical term or geographic name as entry element Architecture
General subdivision Awards
Geographic subdivision United States.
Source of heading or term BUEsh
653 ## - INDEX TERM--UNCONTROLLED
Resource For college Engineering, Architecture
655 ## - INDEX TERM--GENRE/FORM
Form subdivision Reading book
710 2# - ADDED ENTRY--CORPORATE NAME
Corporate name or jurisdiction name as entry element American Institute of Architects‏
Subordinate unit Design for Aging Center,
Relator term contributor.
942 ## - ADDED ENTRY ELEMENTS (KOHA)
Koha item type Book - Borrowing
Source of classification or shelving scheme Dewey Decimal Classification
Holdings
Withdrawn status Lost status Source of classification or shelving scheme Damaged status Not for loan Collection code Home library Current library Shelving location Date acquired Source of acquisition Total Checkouts Total Renewals Full call number Barcode Date last seen Date checked out Price effective from Koha item type
    Dewey Decimal Classification     Alahram Central Library Central Library Second Floor 08/03/2017 Purchase 1 18 725.560222 DES 000010618 15/07/2025 10/02/2010 17/03/2008 Book - Borrowing